Costos empresariales manejo financiero y gerencial /

Bibliographic Details
Main Author: Castelblanco, Omar Eduardo
Format: eBook
Language:Spanish
Published: Bogot:̀ ECOE, 2019
Subjects:
Online Access:Acceso restringido

MARC

LEADER 00000nam a22000007a 4500
005 20220216223628.0
007 cr|||| ||||
008 220216s2019 co |||||s|||| 00||0 spa d
020 |a 978-958-771-822-5 
035 |a 35843 
040 |a vLex 
090 |c 13013  |d 13013 
100 1 |a Castelblanco, Omar Eduardo 
245 1 0 |a Costos empresariales  |h [Recurso electrn̤ico] :  |b manejo financiero y gerencial /  |c Omar Eduardo Castelblanco 
256 |a Servicio en ln̕ea 
260 |a Bogot:̀  |b ECOE,  |c 2019 
300 |a 1 recurso electrn̤ico 
506 1 |a Disponible solo en los productos indicados  |d vLex Global  |d vLex Global (Academic Edition, excluding Law Schools)  |d vLex Global (U.S. Academic Edition, Law Schools)  |d vLex Global (U.S. Academic Edition, excluding Law Schools)  |d vLex Global (Academic Edition, Law Schools) 
650 0 4 |a Economa̕ y negocios  |z Colombia 
740 0 |a vLex Libros (Servicio en ln̕ea) 
856 4 0 |u https://app.vlex.com/#/sources/35843  |z Acceso restringido 
942 |c BOOK 
999 0 |a Economy and business